| 000 | 00360nam a22001457a 4500 | ||
|---|---|---|---|
| 008 | 250217b |||||||| |||| 00| 0 eng d | ||
| 020 | _a085598483X | ||
| 050 |
_aHD30.2 _b.P69 |
||
| 100 | _aPOWEL, Mike | ||
| 245 | _aInformation Management for Development Organization | ||
| 250 | _a2nd | ||
| 260 |
_aU.K _bOxford G.B _c2003 |
||
| 300 | _aX, 294P. | ||
| 942 | _cBK | ||
| 999 |
_c1955 _d1955 |
||